| 000 | 01880nam a2200253Ia 4500 | ||
|---|---|---|---|
| 005 | 20170801113645.0 | ||
| 008 | 130821s1908 fr fr 1 spa d | ||
| 040 |
_aCo-BoUCM _bspa _cSandra Yazo _dSandra Yazo |
||
| 041 | 0 | _aspa | |
| 082 | 0 | 4 |
_a320.986 _220 |
| 092 | _aE07N041 | ||
| 100 | 1 |
_aHolguín, Jorge _d1848-1928 _961455 |
|
| 245 | 1 | 0 |
_aDesde cerca _b(Asuntos colombianos) _cPor Jorge Holguín |
| 260 |
_aParís (Francia) _bLibrairie Générale et Internationale. G. Ficker [Librería general e internacional de G. Ficker] _bImp. de J. Dumoulin _c1908 |
||
| 300 |
_axiii, 324 páginas _c23 x 14 cm |
||
| 500 | _aDetalles físicos: Encuadernación rígida en cartón forrado en tela encolada. Adornos en dorado sobre el lomo y la tapa delantera, además con recuadro repujado. Guardas. Hoja de cortesía. Anteportada. Portada impresa en una sola tinta. Texto impreso en una columna, con varios tamaños de letra. Algunas notas al pie de página. Al final una tabla. Papel manchado | ||
| 505 | 0 | _aRepúblicas pobres y repúblicas ricas ; Los Estadistas colombianos ; Origen de la deuda exterior ; Resultados del 23 de Mayo ; Primer banco que se estableció en Bogotá ; La verdad en la deuda ; 1874 a 1879 ; 1905 ; Panamá y los Bondholders ; La Pizarra ; La doctrina de los poderosos ; El Convenio de 1905 ; Deuda exterior consolidada de Colombia ; Cargos y descargos ; Cuentas tristes ; El general Reyes ; La asamblea nacional ; Contradicciones y comprobaciones ; Pleitos en París ; Terminación de los pleitos ; Apéndices | |
| 506 | _aConsulta en sala | ||
| 650 | 7 |
_aFinanzas _zColombia _vEnsayos, conferencias, etc. _97628 |
|
| 651 | 4 |
_aColombia _xAspectos económicos _vEnsayos, conferencias, etc. _926606 |
|
| 651 | 4 |
_aColombia _xPolítica y gobierno _vEnsayos, conferencias, etc. _984140 |
|
| 690 |
_aColombia _945215 |
||
| 942 |
_cLIBRO _a6 _e1 _2LOCAL _hE07N041 |
||
| 999 |
_c70803 _d70803 |
||